| 000 | 00991cam a2200277 4500 | ||
|---|---|---|---|
| 001 | l154183 | ||
| 002 | ##9076 | ||
| 008 | 050720n2010 000 0 eng u | ||
| 020 | _a0727733796 | ||
| 035 | _a(Sirsi) u154283 | ||
| 041 | 0 | _aeng | |
| 050 | 0 | 4 | _a624.04 $2 18 |
| 110 | 2 |
_aInstitution of Civil Engineers _91402 |
|
| 240 | 0 | 0 | _aFC |
| 245 | _aFramework Contract | ||
| 260 |
_aLondon _bThomas Telford _c2010 |
||
| 300 |
_aiv, 5p. _c30cm. |
||
| 350 | _a10 | ||
| 490 |
_aNew Engineering Contract (Third Edition) _vFramework Contract (First Edition) |
||
| 520 | _aThis contract form is intended for use where one or more supplier is carrying out work on an as instructed basis over a set term. | ||
| 650 | 2 | 4 | _aNEW ENGINEERING CONTRACT (THIRD EDITION) |
| 650 | 2 | 4 | _aNEC FRAMEWORK CONTRACT (FIRST EDITION) |
| 651 | 4 | _aENGLAND AND WALES | |
| 690 | _aBUILT ENVIRONMENT-BUILDING CONTRACT FORMS-STANDARD FORMS OF BUILDING CONTRACT-NEW ENGINEERING CONTRACT CONTRACTS | ||
| 942 | _n0 | ||
| 999 |
_c112922 _d112922 |
||